[Event "Michigan Juniors"]
[Site "East Grand Rapids"]
[Date "2005.03.19"]
[Round "1.8"]
[White "Wilder, Derek"]
[Black "Fernandez, Javier"]
[Result "1-0"]
[WhiteElo "1706"]
[BlackElo "906"]
[PlyCount "73"]
[EventDate "2005.03.19"]
[EventType "swiss"]
[EventRounds "5"]
[EventCountry "USA"]
[SourceTitle "EXT 2006"]
[Source "ChessBase"]
[SourceDate "2005.11.24"]
[SourceVersion "1"]
[SourceVersionDate "2005.11.24"]
[SourceQuality "1"]

1. e4 d5 2. exd5 Qxd5 3. Nc3 Qa5 4. d4 e5 5. dxe5 Qxe5+ 6. Be2 f5 7. Nf3 Qd6 8. Nd5 Nf6 9. Nxf6+ gxf6 10. Bd2 Be6 11. 0-0 Nd7 12. a4 0-0-0 13. a5 a6 14. Bc3 Ne5 15. Qxd6 Bxd6 16. Nd4 Bd7 17. b4 h5 18. b5 h4 19. bxa6 h3 20. a7 Bc6 21. Nxc6 bxc6 22. a8Q+ Kd7 23. Qxd8+ Kxd8 24. a6 Bc5 25. a7 Bxa7 26. Rxa7 Kd7 27. Rd1+ Ke7 28. Bxe5 fxe5 29. Bc4 Kf6 30. Rxc7 hxg2 31. Rf7+ Kg6 32. Rd6+ Kh5 33. Rxf5+ Kg4 34. Bd3 Rh3 35. Rg6+ Kh4 36. Rf7 Kh5 37. Rh7# 1-0

[Event "Warren Decemb op"]
[Site "Warren"]
[Date "2003.12.13"]
[Round "4"]
[White "Wilder, Derek"]
[Black "Bailey, Gregory E"]
[Result "0-1"]
[WhiteElo "1489"]
[BlackElo "1900"]
[PlyCount "95"]
[EventDate "2003.12.13"]
[EventType "swiss (rapid)"]
[EventRounds "6"]
[EventCountry "USA"]
[SourceTitle "EXT 2008"]
[Source "ChessBase"]
[SourceDate "2007.11.25"]
[SourceVersion "1"]
[SourceVersionDate "2007.11.25"]
[SourceQuality "1"]

1. e4 c6 2. d4 d5 3. Nc3 Nf6 4. f3 dxe4 5. fxe4 e5 6. Nf3 exd4 7. Qxd4 Qxd4 8. Nxd4 Bb4 9. Bd3 0-0 10. 0-0 Bc5 11. Nce2 Re8 12. Kh1 Nxe4 13. Bxe4 Rxe4 14. c3 Bg4 15. Ng3 Re8 16. Bf4 Nd7 17. h3 Be6 18. Nxe6 Rxe6 19. Rad1 Nf6 20. Bg5 Nd5 21. c4 Nb6 22. b3 f6 23. Bf4 Rae8 24. Bc7 Nc8 25. Nf5 g6 26. Nh6+ Kg7 27. Ng4 f5 28. Be5+ Rxe5 29. Nxe5 Rxe5 30. Rd7+ Re7 31. Rfd1 Kf6 32. Rxe7 Kxe7 33. g3 Nd6 34. Re1+ Ne4 35. Kg2 Bf2 36. Rxe4+ fxe4 37. Kxf2 Ke6 38. Ke3 Ke5 39. a3 c5 40. b4 b6 41. b5 h6 42. g4 h5 43. gxh5 gxh5 44. h4 Kf5 45. a4 Ke5 46. Ke2 Kf4 47. Kf2 e3+ 48. Ke2 0-1